• AIU
  • Tony Wilmot Memorial Library

The Epistles to the Corinthians. (Record no. 41185)

MARC details
000 -LEADER
fixed length control field 00696nam a22002291a 4500
001 - CONTROL NUMBER
control field 61010006
005 - DATE AND TIME OF LATEST TRANSACTION
control field 20110718133447.0
008 - FIXED-LENGTH DATA ELEMENTS--GENERAL INFORMATION
fixed length control field 091005s1964 001 0 eng d
010 ## - LIBRARY OF CONGRESS CONTROL NUMBER
LC control number 61010006
020 ## - INTERNATIONAL STANDARD BOOK NUMBER
Terms of availability 0.00
040 ## - CATALOGING SOURCE
Original cataloging agency NEGST Library - Kenya
050 #4 - LIBRARY OF CONGRESS CALL NUMBER
Classification number BV 4207.P63 VOL> 4
082 0# - DEWEY DECIMAL CLASSIFICATION NUMBER
Classification number BV 4207.P63 VOL> 4
100 1# - MAIN ENTRY--PERSONAL NAME
Personal name McPheeters, Julian C.
245 14 - TITLE STATEMENT
Title The Epistles to the Corinthians.
260 ## - PUBLICATION, DISTRIBUTION, ETC. (IMPRINT)
Place of publication, distribution, etc Grand Rapids :
Name of publisher, distributor, etc Baker Book House,
Date of publication, distribution, etc 1964.
300 ## - PHYSICAL DESCRIPTION
Extent 124 p. 20 cm.
440 #0 - SERIES STATEMENT/ADDED ENTRY--TITLE
Title Proclaiming the New Testament ;
500 ## - GENERAL NOTE
General note Includes bibliography.
600 10 - SUBJECT ADDED ENTRY--PERSONAL NAME
Personal name Bible.N.T.Corinthians.Homilectical use.
852 ## - LOCATION/CALL NUMBER
-- 14.00
Holdings
Withdrawn status Lost status Source of classification or shelving scheme Damaged status Not for loan Collection code Home library Current library Shelving location Date acquired Source of acquisition Cost, normal purchase price Total Checkouts Full call number Barcode Date last seen Copy number Price effective from Koha item type
    Library of Congress Classification     Reference AIU/NEGST - Tony Wilmot Memorial Library AIU/NEGST - Tony Wilmot Memorial Library Reference 10/05/2009 donation 14.00   REF BV 4207.P63 VOL.3 R19045X3232 09/26/2019 Vol.3 10/05/2009 Reference